UK cities - Sudden Death - Statistics

General Stats
  • This quiz has been taken 87 times
  • The average score is 11 of 15
Answers on the Grid
Answers color-coded by a green-red scale on the quiz's grid according to % correct below.
Glasgow
Derry
Plymouth
Brighton
Blackpool
Aberystwyth
Reading
Hull
Nottingham
Inverness
Derby
Kirkwall
Newry
Swansea
Norwich
Ghent
Eindhoven
Galway
Basel
Thunderbay
Limoges
Cork
Rostock
Busan
Rhodes
 
Answer Stats
Answer % Correct
Brighton
88%
Norwich
86%
Glasgow
84%
Nottingham
84%
Derby
82%
Hull
79%
Plymouth
79%
Reading
77%
Swansea
77%
Inverness
71%
Blackpool
70%
Aberystwyth
60%
Kirkwall
60%
Derry
59%
Newry
48%
No matching quizzes found
Score Distribution
Percent of People with Each Score
Percentile by Number Answered
Your Score History
You have not taken this quiz